| 000 | 00606nam a2200181Ia 4500 | ||
|---|---|---|---|
| 008 | 100920s9999 xx 000 0 und d | ||
| 082 |
_b8731 _a491.462 थ 59 |
||
| 100 | _aसाठे शं.गो. | ||
| 245 | _aस्वप्नीचें हें धन. | ||
| 260 |
_bपॉप्युलर बुक डेपो, मुंबई. _c1959 |
||
| 300 |
_a78 _bसाधी |
||
| 365 | _b2 | ||
| 520 | _aनाटक. | ||
| 630 | _aस्वप्नीचें हें धन. | ||
| 650 | _aनाटक. | ||
| 730 | _aस्वप्नीचें हें धन. | ||
| 942 | _cBOOK | ||
| 999 |
_c675995 _d675992 |
||